000 00369nam a2200145Ia 4500
008 090124s9999 xx 000 0 und d
082 _b301095
245 _a पैलतीर
250 _a1
260 _bवैशंपायन जान्हवी
_c1983
300 _a152
630 _a पैलतीर
730 _a पैलतीर
942 _cBOOK
999 _c190649
_d190649